Tarot Karten - Statistiken

Allgemein
  • Dieses Quiz wurde 16 mal gespielt
  • Das Durchschnittsergebnis liegt bei 12 aus 22
Antwortstatistiken
Bildquiz Antwort % Korrekt
Der Tod
100%
Der Narr
89%
Der Mond
78%
Der Teufel
78%
Die Sonne
78%
Der Stern
67%
Der Turm
67%
Der Gehängte
56%
Der Herrscher
56%
Die Liebenden
56%
Das Gericht
44%
Das Rad des Schicksals
44%
Der Magier
44%
Der Wagen
44%
Die Herrscherin
44%
Die Welt
44%
Der Eremit
33%
Der Hierophant
33%
Die Gerechtigkeit
33%
Die Hohepriesterin
33%
Die Kraft
33%
Die Mäßigkeit
33%
Keine übereinstimmenden Quizze gefunden
Verteilung der Resultate
Anzahl Personen mit jedem Resultat
Perzentil nach korrekt beantworteten Fragen
Ihre Resultats-Entwicklung
Sie haben dieses Quiz noch nicht gespielt